Tilastot visalle Valtiot, joissa on eniten Unescon maailmanperintökohteita

Klikkaa tästä pelataksesi tätä visaa!

Yleistilastot

  • Tätä visaa on pelattu 284 kertaa
    (252 viimeisimmän päivityksen jälkeen)
  • Keskiarvotulos 25 / 30

Vastaustilastot

MääräValtio% Oikein
31Venäjä
97%
25Yhdysvallat
97%
57Kiina
96%
52Ranska
96%
59Italia
95%
52Saksa
95%
23Brasilia
94%
50Espanja
94%
25Japani
94%
20Australia
92%
42Intia
92%
35Meksiko
92%
22Kanada
90%
33Yhdistynyt
kuningaskunta
89%
15Ruotsi
88%
19Kreikka
87%
17Puola
84%
21Turkki
84%
17Portugali
82%
12Itävalta
79%
12Argentiina
78%
13Peru
78%
13Sveitsi
78%
13Alankomaat
76%
16Belgia
73%
11Tanska
71%
17Tsekki
70%
16Etelä-Korea
69%
27Iran
65%
11Etiopia
26%

Tulosjakauma

Persentiili vastausten määrän mukaan

Jokaisen tuloksen saaneiden osuus

Tuloshistoriasi

Et ole pelannut tätä visaa sen viimeisimmän päivityksen jälkeen